An econometric study of the variables determining inequality aversion among students (Registro nro. 26970)

Detalles MARC
000 -LEADER
fixed length control field 00470 a2200145 4500
001 - CONTROL NUMBER
control field ART_14660
005 - DATE AND TIME OF LATEST TRANSACTION
control field 20260410161913.0
008 - FIXED-LENGTH DATA ELEMENTS--GENERAL INFORMATION
fixed length control field 260409a
100 1# - MAIN ENTRY--PERSONAL NAME
Personal name Gevers, Louis
245 10 - TITLE STATEMENT
Title An econometric study of the variables determining inequality aversion among students
700 1# - ADDED ENTRY--PERSONAL NAME
Personal name Glejser, Herbert
700 1# - ADDED ENTRY--PERSONAL NAME
Personal name Lambot, Ph.
700 1# - ADDED ENTRY--PERSONAL NAME
Personal name Morales, Juan Antonio
773 0# - HOST ITEM ENTRY
Title European economic review
Related parts - Vol. 10, Nº 2 (nov. 1977)
Record control number REV13346

No hay ítems disponibles.